La administración de justicia (Record no. 126607)

MARC details
000 -LEADER
fixed length control field 00767nam a22002057a 4500
005 - DATE AND TIME OF LATEST TRANSACTION
control field 20210616153809.0
008 - FIXED-LENGTH DATA ELEMENTS--GENERAL INFORMATION
fixed length control field 210317b ag ||||| |||| 00| 0 spa d
020 ## - INTERNATIONAL STANDARD BOOK NUMBER
International Standard Book Number 9506792933
050 04 - LIBRARY OF CONGRESS CALL NUMBER
Classification number K3400
Item number A36 2001
245 03 - TITLE STATEMENT
Title La administración de justicia
Remainder of title : en los albores del tercer milenio
Statement of responsibility, etc / compiladores, Ana Messuti, Julio Andrés Sampedro Arrubla ; prefacio Luigi Ferrajoli
250 ## - EDITION STATEMENT
Edition statement 1a ed.
260 ## - PUBLICATION, DISTRIBUTION, ETC. (IMPRINT)
Place of publication, distribution, etc Buenos Aires, Argentina :
Name of publisher, distributor, etc Editorial Universidad,
Date of publication, distribution, etc 2001
300 ## - PHYSICAL DESCRIPTION
Extent 363 p. ;
Dimensions 23 cm.
650 #7 - SUBJECT ADDED ENTRY--TOPICAL TERM
Source of heading or term lemb
Topical term or geographic name as entry element Derecho administrativo
650 #7 - SUBJECT ADDED ENTRY--TOPICAL TERM
Source of heading or term lemb
Topical term or geographic name as entry element Admnistración de justicia
700 1# - ADDED ENTRY--PERSONAL NAME
Personal name Messuti, Ana,
Dates associated with a name compilador
700 1# - ADDED ENTRY--PERSONAL NAME
Personal name Sampedro Arrubla, Julio Andrés
Relator term compilador
700 1# - ADDED ENTRY--PERSONAL NAME
Personal name Ferrajoli, Luigi
Relator term prefacio
942 ## - ADDED ENTRY ELEMENTS (KOHA)
Source of classification or shelving scheme Biblioteca del Cogreso de los Estados Unidos
Koha item type Libro
Holdings
Estado de pérdida Fuente de clasificación Estado del daño No para préstamo Ubicación permanente Ubicación actual Apartado o colección Fecha de adquisición Fuente de adquisición Edición Dependencia de educación superior (DES) Área del conocimiento Total Checkouts Clasificación Código de Barras Date last seen Número de copia Costo por reposición Tipo de recurso
  Biblioteca del Cogreso de los Estados Unidos     Biblioteca de la Facultad de Derecho y Ciencias Sociales "Felipe J. Tena" Biblioteca de la Facultad de Derecho y Ciencias Sociales "Felipe J. Tena" General 29/09/2021   1a ed. Derecho Ciencias Sociales y Administrativas   K3400 A36 2001 BFD000012822 29/09/2021 1 1.00 Libro
  Biblioteca del Cogreso de los Estados Unidos     Biblioteca del Posgrado en Derecho Biblioteca del Posgrado en Derecho Colección Ernesto Villanueva 17/03/2021 Donación 1a ed. Derecho Ciencias Sociales y Administrativas   K3400 A36 2001 BPD000001382 17/03/2021 1 1.00 Libro
  Biblioteca del Cogreso de los Estados Unidos     Biblioteca del Posgrado en Derecho Biblioteca del Posgrado en Derecho Colección Ernesto Villanueva 17/03/2021   1a ed. Derecho Ciencias Sociales y Administrativas   K3400 A36 2001 BPD000001383 17/03/2021 1 1.00 Libro